Matemática : bachillerato 3 /

Guardado en:
Autor Principal: Guzmán, Miguel de
Otros Autores: Colera, José, Salvador, Adela
Formato: Libro
Publicado: Barcelona : Anaya, 1988
Materias:
Etiquetas: Agregar Etiqueta
Sin Etiquetas, Sea el primero en etiquetar este registro!
LEADER 01233nam a22002175a 4500
001 CEM.cems017761
005 20120316114208.0
008 130507s1988##################000#0#####d
003 CEMS
020 |a 842072971X 
082 0 4 |a 510 
100 1 |a Guzmán, Miguel de 
245 1 0 |a Matemática :  |b bachillerato 3 /  |c Miguel de Guzmán 
260 |a Barcelona :  |b Anaya,  |c 1988 
300 |a 318 p. 
505 0 |a Trigonometría -- Resolución de triángulos -- Funciones y fórmulas trigonométricas -- Geometría y cónicas -- Vectores -- Geometría analítica -- Lugares geométricos -- Cónicas -- Números complejos -- Números complejos en forma binómica -- Números complejos en forma polar -- Distribuciones estadísticas -- La distribución normal -- Distribución binomial -- Distribuciones bidimensionales -- Derivadas -- Ampliación del estudio de derivadas -- Construcción de curvas -- Optimización de funciones -- Integrales -- Cálculo de primitivas -- Integral definida -- Tablas de trigonometría -- Tablas de la distribución normal 
653 |a Matemática 
653 |a Matemática-bachillerato 
700 1 |a Colera, José 
700 1 |a Salvador, Adela 
859 |a CEMS  |b BIB. CEMS - Agricultura  |h 510  |i G994  |p A1524.12  |t Ej.1  |v 3  |3 3